000
00287nam a2200097Ia 4500
001
798537
005
20250826170829.0
008
250824s9999 xx 000 0 und d
245
0
_a
OSMANLI TARİHİ OSMANLI DEVLETİ NİN YIKILIŞ DÖNEMİ
_c
ZEHRA AYGÜL
260
_b
UĞUR BÖCEĞİ YAYINLARI
999
_c
798537
_d
798537